000 00400nam a2200157Ia 4500
008 230312s9999||||xx |||||||||||||| ||und||
020 _a0-324-18643-6
082 _a332.632042
_bGIB
100 _aGibson, Charles H
245 0 _aFinancial Reporting & Analysis
260 _bThomson South Western
_aUSA
_c2004
300 _a600
546 _aEng.
650 _aAccounting
_va new reality
942 _cBK
999 _c2346
_d2346